000 01155cam a2200313 a 4500
001 12649946
003 ARRUPE
005 20211014092004.0
008 020118s2001 enk b 001 0 eng
010 _a 2002265435
020 _a0198237529 (alk. paper)
020 _a0198237537 (pbk. : alk. paper)
035 _a(OCoLC)ocm47063328
040 _aUKM
_cUKM
_dDLC
042 _alccopycat
050 0 0 _aBD161
_b.D33 2001
100 1 _aDavidson, Donald,
_d1917-2003.
245 1 0 _aSubjective, intersubjective, objective /
_cDonald Davidson.
260 _aOxford :
_bClarendon Press ;
_aNew York :
_bOxford University Press,
_c2001.
300 _axviii, 237 p. ;
_c22 cm.
504 _aIncludes bibliographical references (p. [227]-231) and index.
650 0 _aKnowledge, Theory of.
650 0 _aBrain.
650 0 _aOther minds (Theory of knowledge)
_92773
856 4 2 _3Publisher description
_uhttp://www.loc.gov/catdir/enhancements/fy0613/2002265435-d.html
906 _a7
_bcbc
_ccopycat
_d2
_encip
_f20
_gy-gencatlg
942 _2lcc
_cMONOGRAPH
999 _c130824
_d130824